World changes in divorce patterns

Αποθηκεύτηκε σε:
Λεπτομέρειες βιβλιογραφικής εγγραφής
Κύριος συγγραφέας: Goode, William Josiah
Μορφή: Βιβλίο
Γλώσσα:English
Δημοσίευση: New Haveln and London : Yale University Press, 1993
Θέματα:
Ετικέτες: Προσθήκη ετικέτας
Δεν υπάρχουν, Καταχωρήστε ετικέτα πρώτοι!

MARC

LEADER 00000nam a2200000 i 4500
001 1/74155
008 050323s1993 eng d
020 |a 0-300-05537-4 
035 |l 10077298 
040 |a GR-MY-UA  |b gre  |e aacr 
041 0 |a eng 
082 0 |a 306.89  |2 (21) 
100 1 |a Goode, William Josiah. 
245 1 0 |a World changes in divorce patterns /  |c William J. Goode 
260 |a New Haveln and London :   |b Yale University Press,   |c 1993 
300 |a xiii, 354 σ.;  |c 25 εκ. 
504 |a Περιέχει ευρετήριο 
650 0 0 |a Divorce  |x Cross-cultural studies. 
852 |a INST  |b LESVOS  |e 20050323  |h 306.89 GOO  |p 005100030016  |q 005100030016  |t BK  |y 0 
901 |a BIBL1-2005-1 
909 |a Λ  |b 115015 
920 |a ΔΙΕΥΡΥΝΣΗ  |b ΕΠΕΑΕΚ-ΠΤΕ  |y ΛΕΣΒΟΣ  |z 2004-10 
970 |a ΜΑΡΙΝΑΤΟΥ  |b ΜΥΡΣΙΝΗ  |z 2005/03/23